| 000 | 01184nam a2200229Ia 4500 | ||
|---|---|---|---|
| 999 |
_c39297 _d39297 |
||
| 001 | 5883 | ||
| 003 | GE_BSU | ||
| 005 | 20191028170340.0 | ||
| 008 | 181216s2012||||ge |||||||||||||| ||geo|| | ||
| 020 | _a9789941039447 | ||
| 040 | _cGE_BSU | ||
| 041 | _ageo | ||
| 080 | _a821.353.1-91-1+75(479.223)(084.1) ჰ-42 | ||
| 245 |
_aჰელიმიში ხასან = Hasan Helimishi _bპოეზია, ფერწერა : ალბომი / _cპროექტის ავტორი გიორგი ჯანბერიძე. |
||
| 264 |
_aბათუმი : _bშპს "სეზანი", _c2012. |
||
| 300 |
_a72 გვ. : _bილ.; _c30 სმ. |
||
| 541 | _h10ლ.83თ. | ||
| 653 | _aაჭარელი მხატვრების ფერწერული ნამუშევრების ალბომები | ||
| 700 |
_a ჯანბერიძე, გიორგი _eპროექტის და ტექსტის ავტ. _95042 |
||
| 710 |
_a აჭარის ა/რ განათლების, კულტურისა და სპორტის სამინისტრო _95043 |
||
| 942 |
_cBK _2udc |
||